| 000 | 00403nam a2200157 a 4500 | ||
|---|---|---|---|
| 005 | 20140412111308.0 | ||
| 008 | 040710s19uu xx 00 eng d | ||
| 050 |
_aER _bFr92 |
||
| 245 | _aThe Frog Prince. | ||
| 260 |
_aTokyo : _bFroebel-kan co., ltd. |
||
| 300 | _a1 v. (unp.) ; ill. | ||
| 440 | _aThe World of Fairy Tales | ||
| 650 | _aFairy tales | ||
| 650 | _aChildren stories | ||
| 999 |
_c103781 _d103781 |
||